01329nam a22002417a 450000500170000000800410001702000180005804000070007604100080008308200240009110000250011524500260014026000340016630000230020036500720022352005360029565000250083165000300085670000250088694200120091199900190092395201450094220241125152433.0241125b ||||| |||| 00| 0 eng d a9789358560749 cAL aeng 223a321.80954bFINC aFinger Print9186459 aConstitution of India aNew DelhibFinger Printc2024 a415p.bHBc22x14cm 2Political ScienceaCCX2-1389031b399.00c₹d399.00e-f15-11-2024 aThe Constitution of India is the supreme law of India and the longest written constitution in the world. This edition brings you the bare act with the latest amendments and a history of how this imperative document came into being! A comprehensive document that outlines the framework and structure of India's political system. Enshrines the principles of democracy. Reflects a progressive approach to governance. Reflects changing social, economic, and political conditions over time. A model for governance and democratic values. aConstitution9186457 aPolitical Science9186458 aFINGER PRINT9186460 2ddccBK c231989d231989 00102ddc40708PSaALbALd2024-11-21eAmazon g399.00l1o321.80954 FINCp077420r2025-01-22 00:00:00s2025-01-17v399.00w2024-11-25yBK